000 00595nam a2200193 a 4500
003 OSt
005 20150203213002.0
008 020226s1969 esp j 0001 spa d
040 _cBMC
082 _a823.9915
100 1 _9169
_aSwift, Jonathan
_d1667-1745
245 1 4 _aLos viajes de Gulliver
_cJonathan Swift ; prólogo de Alvaro Cunqueiro
260 _aBarcelona [etc.]
_bSalvat
_cD.L. 1969
300 _a188 p.
_bil.
_c18 cm
490 0 _aBiblioteca Básica Salvat. Libro RTV
_v12
650 2 4 _926310
_aNovela irlandesa
700 1 _929339
_aCunqueiro, Álvaro
_d1911-1981
942 _2ddc
_cBK
999 _c16420
_d16420